[Event "Tourn. n8064"]
[Site "www.chess-mail.com"]
[Date "2015.03.30"]
[Round "1"]
[White "Emmanuelasi"]
[Black "Krasin"]
[WhiteElo "2220"]
[BlackElo "2320"]
[Result "1/2-1/2"]
[Round "1"]
1.e4 e6
2.d4 d5
3.Nb1d2 Ng8f6
4.e5 Nf6d7
5.Bf1d3 c5
6.c3 Nb8c6
7.Nd2f3 cxd4
8.cxd4 f6
9.exf6 Qd8xf6
10.Bc1g5 Qf6f7
11.Ng1e2 Bf8d6
12.O-O O-O
13.Bg5e3 h6
14.Ra1c1 e5
15.dxe5 Nd7xe5
16.Nf3xe5 Nc6xe5
17.Bd3b1 Ne5g4
18.h3 Ng4xe3
19.fxe3 Qf7xf1
20.Qd1xf1 Rf8xf1
21.Kxf1 Bc8d7
22.Ne2d4 Ra8f8
23.Ke2 h5
{ draw }
1/2-1/2

[Event "Tourn. n8062"]
[Site "www.chess-mail.com"]
[Date "2015.03.30"]
[Round "1"]
[White "Falcoale"]
[Black "Julian"]
[WhiteElo "1830"]
[BlackElo "2000"]
[Result "0-1"]
[Round "1"]
1.e4 d6
2.d4 g6
3.Ng1f3 Bf8g7
4.Bc1e3 c5
5.c3 cxd4
6.Nf3xd4 a6
7.Bf1c4 e6
8.O-O Ng8e7
9.Nb1d2 O-O
10.f4 b5
11.Bc4b3 Qd8c7
12.Nd4f3 f5
13.Nf3g5 d5
14.Ng5xe6 Bc8xe6
15.exd5 Ne7xd5
16.Qd1e1 Rf8e8
17.Rf1f3 Nd5xe3
18.Qe1xe3 Qc7c8
19.Ra1e1 Be6f7
20.Bb3xf7 Kxf7
21.Qe3f2 Nb8c6
22.Nd2e4 fxe4
23.Rf3e3 b4
24.Qf2f1 Qc8f5
25.Qf1c4 Qf5e6
26.Re3xe4 Qe6xc4
27.Re4xc4 Re8xe1
28.Kf2 bxc3
29.Kxe1 cxb2
{ resign }
0-1

[Event "Tourn. n7909"]
[Site "www.chess-mail.com"]
[Date "2015.03.30"]
[Round "1"]
[White "Nimzo"]
[Black "Senitram"]
[WhiteElo "2640"]
[BlackElo "2550"]
[Result "1-0"]
[Round "1"]
1.d4 Ng8f6
2.c4 e6
3.Ng1f3 c5
4.d5 b5
5.dxe6 fxe6
6.cxb5 a6
7.e3 Bf8e7
8.Nb1c3 O-O
9.a4 Bc8b7
10.b3 Nf6d5
11.Nc3xd5 Bb7xd5
12.Bc1b2 Be7f6
13.Bb2xf6 Qd8xf6
14.Ra1c1 axb5
15.Bf1xb5 Qf6g6
16.Bb5e2 Nb8a6
17.O-O d6
18.Nf3e1 Na6b4
19.Be2h5 Qg6f5
20.Bh5f3 Ra8d8
21.Bf3xd5 exd5
22.Ne1c2 Nb4d3
23.Rc1b1 Rd8b8
24.Qd1d2 Nd3b4
25.Nc2xb4 Rb8xb4
26.h3 Rf8b8
27.Rb1d1 Kf7
28.Qd2a2 Kg8
29.a5 Rb8a8
30.Rd1a1 Ra8a7
31.Rf1d1 Rb4b5
32.Qa2a4 Ra7xa5
33.Qa4xa5 Rb5xa5
34.Ra1xa5 h6
35.Ra5a1 Kh7
36.Ra1c1 Qf5e6
37.Rd1d2 h5
38.Rc1d1 d4
39.exd4 Qe6xb3
40.dxc5 dxc5
41.Rd1c1 h4
42.Rd2c2 Kh6
43.Rc2xc5 g5
44.Rc5c4 Qb3a3
45.Rc1f1 Kh5
46.Rc4g4 Qa3c5
47.Kh1 { resign }
1-0

[Event "Match"]
[Site "www.echecsemail.com"]
[Date "2015.03.30"]
[Round "1"]
[White "Generalfree"]
[Black "Hansen"]
[WhiteElo "1710"]
[BlackElo "1440"]
[Result "1-0"]
[Round "1"]
1.e4 d5
2.e5 d4
3.c4 Nb8c6
4.f4 d3
5.Qd1b3 Bc8f5
6.Qb3xb7 Nc6a5
7.Qb7b5 c6
8.Qb5c5 e6
9.Qc5e3 Na5xc4
10.Qe3f3 Ra8c8
11.g4 Qd8h4
12.Qf3g3 Qh4xg3
13.hxg3 Bf5xg4
14.Bf1xd3 Nc4b6
15.Nb1c3 Rc8d8
16.Bd3e4 f5
17.exf6 gxf6
18.Be4xc6 Kf7
19.Rh1h4 f5
20.b3 Ng8f6
21.Nc3b5 Bf8b4
22.Nb5xa7 Rd8d3
23.a3 Bb4c5
24.Ng1e2 Bg4xe2
25.Kxe2 Rd3xg3
26.b4 Bc5d4
27.Ra1b1 Nb6c4
28.Na7b5 Bd4b6
29.d3 Nc4e3
30.d4 Ne3c4
31.a4 h5
32.a5 Bb6d8
33.a6 e5
34.fxe5 Nf6h7
35.Rh4xh5 Kg6
36.Rh5h2 f4
37.Bc1xf4 Rg3g4
38.Kf3 Kf5
39.Bc6d7 Kg6
40.Bd7xg4 Rh8f8
41.Ke4 Rf8f7
42.Bg4h5 Kg7
43.Rb1g1 Kf8
44.Bh5xf7 Kxf7
45.Rh2xh7 Ke6
46.d5 
1-0

[Event "Match"]
[Site "www.echecsemail.com"]
[Date "2015.03.30"]
[Round "1"]
[White "Yakke"]
[Black "Staf"]
[WhiteElo "1780"]
[BlackElo "1200"]
[Result "1-0"]
[Round "1"]
1.e4 b6
2.Nb1c3 c6
3.d4 h6
4.Ng1f3 c5
5.d5 f6
6.Nf3e5 fxe5
7.Qd1h5 g6
8.Qh5xg6 
1-0

[Event "Match"]
[Site "www.echecsemail.com"]
[Date "2015.03.30"]
[Round "1"]
[White "Derik"]
[Black "Nugun"]
[WhiteElo "1480"]
[BlackElo "1600"]
[Result "0-1"]
[Round "1"]
1.e4 c6
2.d3 d5
3.Nb1d2 e5
4.Ng1f3 Bf8d6
5.g3 Ng8f6
6.Bf1g2 Bc8e6
7.O-O Nb8d7
8.c3 Qd8b6
9.Qd1a4 Bd6c5
10.b4 Bc5xf2
11.Rf1xf2 Nf6g4
12.Qa4d1 Qb6xf2
13.Kh1 Nd7f6
14.Qd1a4 Ng4e3
15.Bg2h3 Be6xh3
16.Nf3h4 Bh3g2
17.Nh4xg2 Qf2xg2
{ resign }
0-1

[Event "Match"]
[Site "www.echecsemail.com"]
[Date "2015.03.30"]
[Round "1"]
[White "Chessrock"]
[Black "Orkman"]
[WhiteElo "1809"]
[BlackElo "2120"]
[Result "0-1"]
[Round "1"]
1.e4 c5
2.Ng1f3 d6
3.d4 cxd4
4.Nf3xd4 Ng8f6
5.Nb1c3 a6
6.Bf1e2 e6
7.O-O Bf8e7
 { time }
0-1

[Event "Match"]
[Site "www.echecsemail.com"]
[Date "2015.03.30"]
[Round "1"]
[White "Chessrock"]
[Black "Nestor"]
[WhiteElo "1809"]
[BlackElo "2070"]
[Result "0-1"]
[Round "1"]
1.e4 Ng8f6
2.e5 Nf6d5
3.c4 Nd5b6
4.d4 d6
5.exd6 cxd6
6.Nb1c3 g6
7.Ng1f3 Bf8g7
8.Bf1d3 O-O
9.O-O Nb8c6
 { time }
0-1

[Event "Match"]
[Site "www.echecsemail.com"]
[Date "2015.03.30"]
[Round "1"]
[White "Generalfree"]
[Black "Maredocla"]
[WhiteElo "1770"]
[BlackElo "2020"]
[Result "0-1"]
[Round "1"]
1.e4 c5
2.d4 cxd4
3.Qd1xd4 Nb8c6
4.Qd4a4 Qd8a5
5.Qa4xa5 Nc6xa5
6.b4 Na5c6
7.Bc1b2 Nc6xb4
8.Bf1d3 e6
9.a3 Nb4c6
10.Ng1f3 f6
11.Nb1d2 Bf8c5
12.O-O Ng8e7
13.g4 Ne7g6
14.Rf1c1 Ng6f4
15.e5 Nc6xe5
16.Nf3xe5 fxe5
17.Bb2xe5 Nf4h3
18.Kg2 Nh3xf2
19.h3 Nf2xd3
20.cxd3 Bc5e3
21.Ra1a2 O-O
22.Nd2e4 Be3xc1
{ resign }
0-1

[Event "Match"]
[Site "www.echecsemail.com"]
[Date "2015.03.30"]
[Round "1"]
[White "Generalfree"]
[Black "Olddog55"]
[WhiteElo "1820"]
[BlackElo "1710"]
[Result "1-0"]
[Round "1"]
1.d4 d5
2.b3 Nb8c6
3.g3 Bc8f5
4.a3 e6
5.b4 b5
6.e3 Ng8f6
7.Bf1xb5 Qd8d6
8.Ng1f3 a6
9.Bb5a4 O-O-O
10.Qd1e2 Nc6a7
11.Nf3e5 Bf5g6
12.Ne5c6 Na7xc6
13.Qe2xa6 Kd7
14.Nb1c3 e5
15.dxe5 Qd6xe5
16.Qa6xc6 Ke7
17.f4 Qe5f5
18.Qc6xc7 Nf6d7
19.Ba4xd7 Rd8xd7
20.Qc7c6 Qf5xc2
21.Nc3xd5 Kd8
22.Qc6a8 Qc2c8
23.Qa8xc8 Kxc8
24.Nd5b6 Kc7
25.Nb6xd7 Kxd7
26.O-O Kc7
27.h4 Bg6d3
28.Rf1d1 Bd3c2
29.Rd1d4 Bc2b3
30.Bc1d2 g6
31.Ra1c1 Kb6
32.Bd2c3 Bf8g7
33.Rd4d6 { resign }
1-0

[Event "Match"]
[Site "www.echecsemail.com"]
[Date "2015.03.30"]
[Round "1"]
[White "Gimmyg"]
[Black "Irene"]
[WhiteElo "1940"]
[BlackElo "1970"]
[Result "1-0"]
[Round "1"]
1.d4 d5
2.Ng1f3 Ng8f6
3.Bc1f4 g6
4.e3 c6
5.h3 Qd8a5
6.Nb1d2 e6
7.c3 Qa5b6
8.Ra1b1 Qb6d8
9.Bf1e2 Nf6h5
10.Bf4h2 b5
11.Bh2xb8 Ra8xb8
12.Nf3e5 Nh5f6
13.Ne5xc6 Qd8c7
14.Nc6xb8 Qc7xb8
15.a4 b4
16.Be2b5 Nf6d7
17.c4 dxc4
18.Nd2xc4 a6
19.Bb5c6 a5
20.d5 Qb8c7
21.Qd1d4 Rh8g8
22.Qd4e4 Kd8
23.d6 Qc7a7
24.Rb1c1 Bc8a6
25.Bc6xd7 Qa7xd7
26.Nc4e5 Qd7a7
27.Ne5c6 { resign }
1-0

[Event "Match"]
[Site "www.echecsemail.com"]
[Date "2015.03.30"]
[Round "1"]
[White "Generalfree"]
[Black "Olddog55"]
[WhiteElo "1790"]
[BlackElo "1710"]
[Result "1-0"]
[Round "1"]
1.d4 d5
2.g3 Ng8f6
3.Nb1c3 Nb8c6
4.Ng1f3 Bc8f5
5.a3 g6
6.Bc1f4 Bf8g7
7.Nc3b5 O-O
8.Nb5xc7 Ra8c8
9.Nc7b5 Qd8a5
10.Nb5c3 b5
11.b4 Nc6xb4
12.axb4 Qa5xb4
13.Bf4d2 Qb4c4
14.e4 Qc4c7
15.exf5 gxf5
16.Bf1xb5 Qc7b6
17.Bb5d3 e6
18.Nc3a4 Qb6d6
19.Nf3e5 Nf6d7
20.Ne5xd7 Qd6xd7
21.Na4c5 Qd7c6
22.c3 Rc8c7
23.O-O e5
24.Ra1a6 Qc6e8
25.Bd3xf5 exd4
26.cxd4 Bg7xd4
27.Rf1e1 Qe8b5
28.Qd1g4 Bd4g7
29.Bd2h6 Qb5b2
30.Ra6a2 Qb2d4
31.Qg4xd4 Bg7xd4
32.Bh6xf8 Kxf8
33.Nc5a6 Rc7c6
34.Bf5xh7 { resign }
1-0

[Event "Match"]
[Site "www.echecsemail.com"]
[Date "2015.03.30"]
[Round "1"]
[White "Pablincho"]
[Black "Hrob71"]
[WhiteElo "1730"]
[BlackElo "1659"]
[Result "0-1"]
[Round "1"]
1.e4 e5
2.Ng1f3 Ng8f6
3.Nf3xe5 d6
4.Ne5f3 Nf6xe4
5.d3 Ne4f6
6.Bc1g5 Bf8e7
7.a3 O-O
8.h3 c6
9.c4 Bc8e6
10.Nb1c3 Nb8d7
11.d4 d5
12.c5 h6
13.Bg5xf6 Be7xf6
14.Bf1d3 Rf8e8
15.O-O Nd7f8
16.Nf3e5 Bf6xe5
17.dxe5 Nf8d7
18.f4 Nd7xc5
19.Bd3b1 Qd8c8
20.f5 Be6d7
21.Qd1c2 Re8xe5
22.f6 g6
23.Nc3d1 Nc5e4
24.Qc2c1 Re5g5
25.Bb1xe4 dxe4
26.Kh2 Qc8c7
27.Kh1 Qc7g3
28.Qc1d2 Bd7xh3
29.gxh3 Qg3xh3
{ resign }
0-1

[Event "1/64 Finale"]
[Site "www.chess-mail.com"]
[Date "2015.03.30"]
[Round "1"]
[White "Naujzaid"]
[Black "Tyty56"]
[WhiteElo "2130"]
[BlackElo "2539"]
[Result "0-1"]
[Round "1"]
1.d4 Ng8f6
2.c4 d6
3.Ng1f3 Nb8d7
4.Nb1c3 e5
5.e4 Bf8e7
6.Bf1e2 O-O
7.O-O c6
8.Rf1e1 a6
9.h3 b5
10.a3 Rf8e8
11.Bc1g5 h6
12.Bg5h4 Qd8b6
13.cxb5 axb5
14.b4 Bc8b7
15.dxe5 dxe5
16.Bh4xf6 Nd7xf6
17.Qd1b3 Be7f8
18.Nf3h4 Bb7c8
 { time }
0-1

[Event "Eq:Slap Shot Mates-Los Tercios : "]
[Site "www.chess-mail.com"]
[Date "2015.03.30"]
[Round "1"]
[White "Witpar"]
[Black "Churrasca"]
[WhiteElo "2680"]
[BlackElo "2149"]
[Result "1-0"]
[Round "1"]
1.d4 Ng8f6
2.Bc1g5 Nf6e4
3.Bg5f4 c5
4.f3 Qd8a5
5.c3 Ne4f6
6.Nb1d2 cxd4
7.Nd2b3 Qa5b6
8.Qd1xd4 Qb6xd4
9.cxd4 Nb8c6
10.e4 d6
11.Ra1c1 e6
12.Ng1e2 Bf8e7
13.Ne2c3 O-O
14.Bf1e2 Bc8d7
15.O-O Ra8c8
16.Rf1d1 a6
17.g4 h6
18.Bf4g3 b5
19.e5 dxe5
20.dxe5 Nf6d5
21.Nc3xd5 exd5
22.Kg2 Rf8e8
23.Rd1xd5 Bd7e6
24.Rd5d2 Nc6b4
25.Rc1xc8 Re8xc8
26.f4 Nb4xa2
27.Nb3d4 Be6d5
28.Be2f3 Bd5xf3
29.Kxf3 Na2b4
30.Nd4f5 Be7f8
31.Bg3h4 Nb4c6
32.Nf5d6 Bf8xd6
33.exd6 Nc6d8
34.d7 Rc8a8
35.Bh4f2 Nd8b7
36.Rd2c2 Ra8d8
37.Rc2c7 Nb7d6
38.Bf2c5 { resign }
1-0

[Event "Eq:MondoScacchi-CONFOEDERATIONIS HELVETICAE : "]
[Site "www.chess-mail.com"]
[Date "2015.03.30"]
[Round "1"]
[White "Leo57"]
[Black "Sonivano"]
[WhiteElo "2760"]
[BlackElo "2360"]
[Result "1-0"]
[Round "1"]
1.d4 Ng8f6
2.c4 e6
3.Ng1f3 d5
4.g3 Bf8e7
5.Bf1g2 Nb8d7
6.O-O O-O
7.Qd1c2 c6
8.Nb1d2 b6
9.e4 Nf6xe4
10.Nd2xe4 dxe4
11.Qc2xe4 Nd7f6
12.Qe4xc6 Bc8d7
13.Qc6b7 Ra8b8
14.Qb7a6 Qd8c7
15.Bc1f4 Be7d6
16.Bf4xd6 Qc7xd6
17.Rf1d1 Rf8c8
18.Nf3e5 Rc8c7
19.c5 Qd6e7
20.b4 bxc5
21.bxc5 Nf6d5
22.Ra1b1 Qe7e8
23.c6 Rb8xb1
24.Rd1xb1 Bd7c8
25.Qa6a5 Qe8e7
26.Bg2xd5 exd5
27.Qa5xd5 { resign }
1-0

[Event "Eq:CONFOEDERATIONIS HELVETICAE-Los Tercios : "]
[Site "www.chess-mail.com"]
[Date "2015.03.30"]
[Round "1"]
[White "Vasylpuzanov"]
[Black "Asoka"]
[WhiteElo "2170"]
[BlackElo "2650"]
[Result "0-1"]
[Round "1"]
1.d4 Ng8f6
2.c3 d5
3.Ng1f3 e6
4.Bc1g5 Bf8e7
5.e3 h6
6.Bg5xf6 Be7xf6
7.Bf1d3 O-O
{ time. }
0-1

[Event "Tourn. n8074"]
[Site "www.chess-mail.com"]
[Date "2015.03.31"]
[Round "1"]
[White "Seger"]
[Black "Jose"]
[WhiteElo "2640"]
[BlackElo "2700"]
[Result "1/2-1/2"]
[Round "1"]
1.e4 e5
2.Ng1f3 Nb8c6
3.Bf1c4 Ng8f6
4.d3 Bf8c5
5.O-O d6
6.c3 O-O
7.b4 Bc5b6
8.a4 a6
9.Nb1d2 h6
10.h3 Nc6e7
11.a5 Bb6a7
12.Rf1e1 Ne7g6
13.Nd2f1 Nf6h5
14.d4 Bc8e6
15.Bc4xe6 fxe6
16.Bc1e3 exd4
17.cxd4 Qd8d7
18.Nf3h4 Nh5f4
19.Nh4xg6 Nf4xg6
20.Nf1g3 Rf8f7
21.Ra1c1 Ra8f8
22.Kh2 Qd7e7
23.Qd1b3 Ng6h4
24.Re1f1 c6
{ draw }
1/2-1/2

[Event "Tourn. n8134"]
[Site "www.chess-mail.com"]
[Date "2015.03.31"]
[Round "1"]
[White "Iko"]
[Black "Anja"]
[WhiteElo "1510"]
[BlackElo "1690"]
[Result "1-0"]
[Round "1"]
1.e4 Ng8f6
2.e5 Nf6d5
3.Bf1c4 c6
4.Qd1f3 e6
5.Ng1h3 d6
6.exd6 Bf8xd6
7.d3 Nb8d7
8.Nh3g5 O-O
9.Qf3h5 Nd7f6
10.Qh5h4 b5
11.Bc4xd5 exd5
12.Bc1f4 Rf8e8
13.Kd1 Qd8e7
14.Bf4e3 Nf6g4
15.Qh4xh7 { resign }
1-0

[Event "Tourn. n8027"]
[Site "www.chess-mail.com"]
[Date "2015.03.31"]
[Round "1"]
[White "Julian"]
[Black "Colchester"]
[WhiteElo "1940"]
[BlackElo "1820"]
[Result "0-1"]
[Round "1"]
1.e4 e5
2.Ng1f3 Ng8f6
3.d3 Nb8c6
4.c3 d5
5.h3 dxe4
6.Nf3g5 h6
7.Ng5xe4 Nf6xe4
8.dxe4 Qd8xd1
9.Kxd1 Bc8e6
10.Bc1e3 O-O-O
11.Kc2 a6
12.Nb1d2 Bf8e7
13.Ra1d1 Rd8d7
14.Bf1c4 Rd7xd2
15.Rd1xd2 Be6xc4
16.Rh1d1 Bc4e6
17.a4 Nc6a5
18.Rd1g1 Be6b3
19.Kc1 Bb3xa4
20.f4 Na5b3
21.Kb1 Nb3xd2
22.Be3xd2 exf4
23.Bd2xf4 Be7c5
24.Rg1e1 Rh8e8
25.e5 f6
26.b4 Bc5b6
27.Bf4g3 fxe5
28.Re1xe5 Re8xe5
29.Bg3xe5 g6
30.Kc1 h5
31.g4 hxg4
32.hxg4 Ba4d7
33.g5 Bb6e3
{ resign }
0-1

[Event "Tourn. n8116"]
[Site "www.chess-mail.com"]
[Date "2015.03.31"]
[Round "1"]
[White "Neverless"]
[Black "Krasin"]
[WhiteElo "2680"]
[BlackElo "2320"]
[Result "1/2-1/2"]
[Round "1"]
1.e4 e5
2.Ng1f3 Nb8c6
3.Bf1c4 Bf8c5
4.c3 Ng8f6
5.d3 a6
6.Bc4b3 d5
7.exd5 Nf6xd5
8.O-O O-O
9.Nf3xe5 Nc6xe5
10.d4 Nd5b4
11.dxe5 Nb4d3
12.Nb1d2 Nd3xe5
13.Nd2e4 Qd8xd1
14.Rf1xd1 Bc5b6
15.Bc1f4 Ne5g6
16.Bf4g3 Bc8f5
17.Ne4d2 Bf5d3
18.a4 a5
19.Nd2c4 Bd3xc4
{ draw }
1/2-1/2

[Event "Tourn. n8151"]
[Site "www.chess-mail.com"]
[Date "2015.03.31"]
[Round "1"]
[White "Roqueur"]
[Black "Woodpusher2"]
[WhiteElo "2600"]
[BlackElo "2620"]
[Result "1-0"]
[Round "1"]
1.e4 e6
2.d4 d5
3.Nb1c3 Bf8b4
4.e5 c5
5.a3 Bb4a5
6.b4 cxd4
7.Qd1g4 Ng8e7
8.bxa5 dxc3
9.Qg4xg7 Rh8g8
10.Qg7xh7 Nb8c6
11.Ng1f3 Qd8xa5
12.Nf3g5 Rg8f8
13.Bf1e2 Qa5c7
14.f4 Nc6d4
15.Be2d3 Bc8d7
16.Bc1e3 Nd4f5
17.Be3f2 d4
18.O-O O-O-O
19.Ng5xf7 Bd7c6
20.Nf7xd8 Qc7xd8
21.Bf2h4 Rf8h8
22.Bh4xe7 Nf5xe7
23.Qh7f7 Bc6d5
24.f5 { resign }
1-0

[Event "Tourn. n8139"]
[Site "www.chess-mail.com"]
[Date "2015.03.31"]
[Round "1"]
[White "Szustan"]
[Black "Chessfan"]
[WhiteElo "2610"]
[BlackElo "2300"]
[Result "1/2-1/2"]
[Round "1"]
1.e4 e5
2.Nb1c3 Ng8f6
3.Ng1f3 Nb8c6
4.d4 exd4
5.Nc3d5 Bf8e7
6.Nf3xd4 Nf6xd5
7.exd5 Nc6xd4
8.Qd1xd4 O-O
9.Bf1e2 Be7f6
10.Qd4d1 d6
11.O-O Bc8f5
12.c3 Rf8e8
13.Bc1e3 Qd8d7
14.Be2d3 Re8e7
15.Bd3xf5 Qd7xf5
{ draw }
1/2-1/2

[Event "Tourn. n8050"]
[Site "www.chess-mail.com"]
[Date "2015.03.31"]
[Round "1"]
[White "Colchester"]
[Black "Oxycontin"]
[WhiteElo "1850"]
[BlackElo "2030"]
[Result "1/2-1/2"]
[Round "1"]
1.d4 Ng8f6
2.c4 e6
3.Ng1f3 Bf8b4
4.Bc1d2 Qd8e7
5.e3 d5
6.Nb1c3 O-O
7.Bf1e2 Nb8d7
8.cxd5 Nf6xd5
9.O-O Nd7b6
10.Nc3xd5 Nb6xd5
11.a3 Bb4xd2
12.Qd1xd2 b6
13.Ra1c1 Bc8b7
14.Nf3e5 Ra8c8
15.Ne5c6 Bb7xc6
16.Rc1xc6 Qe7d7
17.Rf1c1 Nd5e7
18.Rc6c2 Rf8d8
19.Be2f3 c5
20.g3 cxd4
21.Rc2xc8 Rd8xc8
22.Rc1xc8 Ne7xc8
23.Qd2xd4 Qd7xd4
24.exd4 Nc8d6
25.d5 { draw }
1/2-1/2

[Event "Tourn. n8001"]
[Site "www.chess-mail.com"]
[Date "2015.03.31"]
[Round "1"]
[White "Stepanpech"]
[Black "Korto"]
[WhiteElo "2420"]
[BlackElo "2380"]
[Result "1/2-1/2"]
[Round "1"]
1.d4 Ng8f6
2.c4 g6
3.Nb1c3 d5
4.cxd5 Nf6xd5
5.e4 Nd5xc3
6.bxc3 Bf8g7
7.Bf1c4 c5
8.Ng1e2 Nb8c6
9.Bc1e3 cxd4
10.cxd4 Qd8a5
11.Be3d2 Qa5c7
12.Ra1c1 O-O
13.O-O Bc8g4
14.f3 Bg4d7
15.Bd2e3 Ra8c8
16.Qd1d2 Qc7a5
17.Rc1c3 e5
18.dxe5 Bg7xe5
19.Rc3d3 Qa5xd2
20.Rd3xd2 Bd7e6
21.Bc4xe6 fxe6
22.Rf1d1 Be5c7
23.Rd1b1 Rf8f7
24.h3 Rc8d8
25.Rd2xd8 Bc7xd8
26.Rb1d1 Bd8f6
27.Kf1 Rf7c7
{ draw }
1/2-1/2

[Event "Tourn. n8069"]
[Site "www.chess-mail.com"]
[Date "2015.03.31"]
[Round "1"]
[White "Emmanuelasi"]
[Black "Obisporey"]
[WhiteElo "2240"]
[BlackElo "2480"]
[Result "0-1"]
[Round "1"]
1.e4 c5
2.d4 cxd4
3.c3 dxc3
4.Nb1xc3 Nb8c6
5.Ng1f3 d6
6.Bf1c4 Ng8f6
7.e5 Nf6d7
8.e6 fxe6
9.Bc4xe6 Nd7e5
10.Nf3g5 h6
11.Be6xc8 Ra8xc8
12.Ng5e6 Qd8d7
13.Ne6xf8 Rh8xf8
14.O-O Qd7g4
15.f3 Qg4d4
16.Kh1 Qd4xd1
17.Rf1xd1 g5
18.Nc3d5 e6
19.Nd5c3 Ke7
20.Nc3e4 d5
21.Ne4c5 Nc6b4
22.Nc5xb7 Rc8c2
23.Rd1d2 Rc2c7
24.Nb7a5 Ne5d3
25.Rd2xd3 Nb4xd3
26.Bc1d2 Rc7c2
27.Na5b3 e5
{ resign }
0-1

[Event "Tourn. n8055"]
[Site "www.chess-mail.com"]
[Date "2015.03.31"]
[Round "1"]
[White "Emmanuelasi"]
[Black "Stepanpech"]
[WhiteElo "2220"]
[BlackElo "2420"]
[Result "1-0"]
[Round "1"]
1.e4 c6
2.d4 d5
3.Nb1d2 dxe4
4.Nd2xe4 Bc8f5
5.Ne4g3 Bf5g6
6.h4 h6
7.h5 Bg6h7
8.Ng1f3 Nb8d7
9.Bf1d3 Bh7xd3
10.Qd1xd3 e6
11.Bc1d2 Ng8f6
12.Qd3e2 Bf8e7
13.O-O-O O-O
14.Nf3e5 Ra8c8
15.f4 c5
{ time. }
1-0

[Event "Tourn. n8109"]
[Site "www.chess-mail.com"]
[Date "2015.03.31"]
[Round "1"]
[White "Jjmcbride"]
[Black "Fabos12"]
[WhiteElo "1810"]
[BlackElo "1890"]
[Result "1-0"]
[Round "1"]
1.e4 Nb8c6
2.d4 d5
3.e5 f6
4.f4 Bc8f5
5.g4 Bf5e4
6.Ng1f3 Be4xf3
7.Qd1xf3 Nc6xd4
8.Qf3d3 fxe5
9.fxe5 c5
10.Bc1e3 Nd4f3
11.Ke2 Nf3xe5
12.Qd3b5 Qd8d7
13.Qb5xc5 Qd7xg4
14.Kd2 Ng8f6
15.Bf1b5 Kf7
16.Kc1 e6
17.Qc5c7 Kg6
18.Rh1g1 Qg4xg1
19.Be3xg1 Ne5f7
20.Bb5d3 Nf6e4
21.Bd3xe4 dxe4
22.Qc7g3 Kf6
23.Qg3f4 Ke7
24.Qf4xe4 g6
25.Qe4xb7 Kf6
26.Qb7f3 Ke7
27.Bg1c5 { resign }
1-0

[Event "Match"]
[Site "www.echecsemail.com"]
[Date "2015.03.31"]
[Round "1"]
[White "Vinvangogh"]
[Black "Reanna"]
[WhiteElo "1259"]
[BlackElo "1620"]
[Result "1-0"]
[Round "1"]
1.Ng1f3 d6
2.h3 Nb8c6
3.e4 Nc6e5
4.Nf3g5 e6
5.d4 Ne5g6
6.Bf1d3 Ng8h6
7.Qd1h5 Qd8f6
8.c3 Bc8d7
9.Nb1a3 O-O-O
10.d5 Ng6f4
11.Qh5d1 Qf6xg5
12.g3 Nf4g2
13.Kf1 Qg5f6
14.Kxg2 e5
15.g4 Qf6g6
16.Bc1e3 Bf8e7
17.Be3xa7 Nh6xg4
18.hxg4 Bd7xg4
19.f3 Bg4h5
20.Kf2 h6
21.Qd1b3 Bh5xf3
22.Kxf3 h5
23.Ra1g1 Qg6f6
24.Ke2 h4
25.Bd3a6 bxa6
26.Qb3c4 Qf6f4
27.Qc4xa6 Kd7
28.Qa6c6 Kc8
29.Na3b5 Qf4xe4
30.Ba7e3 Qe4c2
31.Kf1 Qc2d3
32.Kf2 Qd3f5
33.Ke1 Qf5b1
34.Kf2 Qb1xb2
35.Kf3 e4
36.Kxe4 f5
37.Kf3 Rd8d7
38.Rg1b1 Qb2c2
39.Qc6a8 { resign }
1-0

[Event "Match"]
[Site "www.echecsemail.com"]
[Date "2015.03.31"]
[Round "1"]
[White "Kooru"]
[Black "Generalfree"]
[WhiteElo "1620"]
[BlackElo "1750"]
[Result "1-0"]
[Round "1"]
1.e4 e5
2.Bf1b5 c6
3.Bb5a4 b5
4.Ba4b3 Ng8f6
5.d3 d5
6.Qd1e2 d4
7.f4 Bc8g4
8.Ng1f3 a5
9.a3 a4
10.Bb3xf7 Ke7
11.Bf7a2 h6
12.h3 Bg4xf3
13.Qe2xf3 exf4
14.Qf3xf4 Nb8d7
15.e5 Nf6d5
16.Ba2xd5 cxd5
17.Qf4xd4 Nd7b6
18.Bc1d2 Ke6
19.Qd4g4 Ke7
20.O-O g5
21.Rf1f6 Ke8
22.Bd2e3 Nb6d7
23.Rf6f5 Bf8e7
24.Qg4h5 { resign }
1-0

[Event "Match"]
[Site "www.echecsemail.com"]
[Date "2015.03.31"]
[Round "1"]
[White "Wwgia"]
[Black "Expert"]
[WhiteElo "2120"]
[BlackElo "1680"]
[Result "1-0"]
[Round "1"]
1.d4 d6
2.c4 Ng8f6
3.Nb1c3 g6
4.e4 Bf8g7
5.Ng1f3 O-O
6.Bf1e2 c6
7.O-O Qd8c7
8.Rf1e1 e5
9.h3 Rf8e8
10.Be2f1 Nb8d7
11.Bc1e3 b6
12.Ra1c1 Bc8b7
13.b4 a5
14.b5 Ra8d8
15.bxc6 Bb7xc6
16.Nc3d5 Qc7b7
17.Nd5xf6 Nd7xf6
18.d5 Bc6d7
19.Rc1b1 Qb7a8
20.Rb1xb6 a4
21.Rb6xd6 { resign }
1-0

[Event "Match"]
[Site "www.echecsemail.com"]
[Date "2015.03.31"]
[Round "1"]
[White "Generalfree"]
[Black "Gatoss"]
[WhiteElo "1770"]
[BlackElo "1860"]
[Result "0-1"]
[Round "1"]
1.e4 c5
2.d4 cxd4
3.Qd1xd4 Nb8c6
4.Qd4a4 e6
5.f4 d6
6.Bc1d2 Bc8d7
7.Bf1b5 a6
8.Bb5xc6 Bd7xc6
9.Qa4d4 Ng8f6
10.Nb1c3 Bf8e7
11.O-O-O O-O
12.h3 b5
13.Ng1f3 d5
14.e5 Nf6d7
15.b4 a5
16.Nc3b1 axb4
17.Bd2xb4 Be7xb4
18.Qd4xb4 Ra8xa2
19.Nf3d4 Qd8c8
20.Nd4xb5 Bc6xb5
21.c3 Bb5a4
22.Rd1d4 Ra2c2
{ resign }
0-1

[Event "Match"]
[Site "www.echecsemail.com"]
[Date "2015.03.31"]
[Round "1"]
[White "Andregor"]
[Black "Fabos12"]
[WhiteElo "2510"]
[BlackElo "1900"]
[Result "1-0"]
[Round "1"]
1.e4 g6
2.d4 Bf8g7
3.Nb1c3 d6
4.Bc1e3 a6
5.Qd1d2 Nb8c6
6.O-O-O b5
7.f3 e5
8.Ng1e2 f5
9.dxe5 dxe5
10.Qd2xd8 Nc6xd8
11.Nc3d5 Nd8e6
12.exf5 gxf5
13.Ne2g3 f4
14.Ng3f5 Kf7
15.Nf5xg7 fxe3
16.Ng7xe6 Bc8xe6
17.Nd5xc7 Ra8c8
18.Nc7xa6 Be6xa2
19.Bf1xb5 Ng8f6
20.Rh1e1 Ba2b3
21.Re1e2 Nf6d5
22.Kb1 Rh8d8
23.cxb3 Nd5c3
24.bxc3 Rd8xd1
25.Kc2 Rd1g1
26.Bb5c4 Kf6
27.Na6b4 Kf5
28.Nb4d5 Rc8a8
29.b4 Ra8a1
30.Nd5xe3 Kf4
31.b5 Ra1c1
32.Kd3 Rg1h1
33.Ne3d5 Kf5
34.b6 Rh1xh2
35.g4 Ke6
36.Re2xh2 { resign }
1-0

[Event "Match"]
[Site "www.echecsemail.com"]
[Date "2015.03.31"]
[Round "1"]
[White "Fabos12"]
[Black "Micheles"]
[WhiteElo "1870"]
[BlackElo "2520"]
[Result "0-1"]
[Round "1"]
1.e4 c6
2.d4 d5
3.e5 Bc8f5
4.Bf1d3 Bf5xd3
5.Qd1xd3 e6
6.Ng1f3 Qd8b6
7.Nb1c3 c5
8.dxc5 Bf8xc5
9.Qd3b5 Nb8c6
10.Qb5xb6 Bc5xb6
11.Nc3b5 Kd7
12.Nb5d6 Ng8e7
13.Nd6xf7 Rh8f8
14.Nf7g5 h6
15.Ng5h3 g5
16.Nh3g1 Ra8c8
17.c3 g4
18.Nf3d4 Bb6xd4
19.cxd4 Nc6xd4
20.Ra1b1 Rc8c2
21.Bc1d2 Ne7c6
22.Ng1e2 Nd4xe2
23.Kxe2 Nc6xe5
24.Rh1c1 Rc2xd2
25.Kxd2 Rf8xf2
26.Ke3 Rf2xg2
27.Rc1h1 Ne5f3
28.h3 d4
29.Kd3 g3
30.a4 Rg2f2
31.Rh1g1 g2
32.b4 Nf3xg1
33.Rb1xg1 e5
34.h4 Ke6
{ resign }
0-1

[Event "Match"]
[Site "www.echecsemail.com"]
[Date "2015.03.31"]
[Round "1"]
[White "Generalfree"]
[Black "Bojan"]
[WhiteElo "1760"]
[BlackElo "1960"]
[Result "0-1"]
[Round "1"]
1.d4 g6
2.e4 Bf8g7
3.Bc1e3 f6
4.f4 d6
5.h3 Nb8d7
6.b3 e5
7.c3 exf4
8.Be3xf4 Nd7b6
9.g4 h5
10.gxh5 Rh8xh5
11.Bf1e2 Rh5h8
12.Nb1d2 a6
13.Qd1c2 Ng8e7
14.a4 Bc8e6
15.a5 Nb6d7
16.d5 Be6f7
17.Be2g4 Nd7e5
18.Bf4xe5 dxe5
19.b4 Bg7h6
20.Qc2a4 Kf8
21.Bg4f3 Ra8c8
22.b5 Bf7e8
23.c4 Bh6e3
24.O-O-O Qd8d6
25.Kb1 axb5
26.cxb5 c6
27.Nd2c4 Qd6c5
28.bxc6 bxc6
29.d6 Rc8b8
30.Ka2 Rb8b4
31.dxe7 Kxe7
32.Qa4a3 Qc5xc4
33.Ka1 Be3d4
{ resign }
0-1

[Event "Match"]
[Site "www.echecsemail.com"]
[Date "2015.03.31"]
[Round "1"]
[White "Susov"]
[Black "Vinvangogh"]
[WhiteElo "1790"]
[BlackElo "1269"]
[Result "1-0"]
[Round "1"]
1.e4 e5
2.Ng1f3 Nb8c6
3.Bf1c4 Bf8c5
4.Nb1c3 Ng8f6
5.d3 O-O
6.Bc1g5 Nc6d4
7.Nf3xe5 b5
8.Bc4xf7 Kh8
9.Bf7d5 c6
10.Ne5f7 Rf8xf7
11.Bd5xf7 d5
12.exd5 Qd8e7
13.Bf7e6 Bc8xe6
14.dxe6 Qe7xe6
15.Bg5e3 Nf6g4
16.Nc3e4 Ra8f8
17.f3 Ng4xe3
18.Ne4xc5 Nd4xc2
19.Kd2 Qe6d5
20.Qd1e2 Rf8e8
21.Nc5e4 b4
22.Ra1c1 b3
23.Rc1xc2 bxc2
24.Qe2xe3 c5
25.Qe3xc5 Qd5xa2
26.Qc5xc2 Qa2a5
27.Qc2c3 Qa5a6
28.Rh1e1 Qa6e6
29.Kd1 Qe6c8
30.Qc3xc8 Re8xc8
31.Ne4c3 h5
32.Re1e7 a5
33.g4 Rc8d8
34.Kd2 Rd8b8
35.Kc2 Kh7
36.gxh5 Kh6
37.f4 g5
38.f5 Kxh5
39.f6 g4
40.f7 Rb8f8
41.d4 Kh4
42.Nc3e4 Kh3
43.Ne4f6 Kxh2
44.Nf6xg4 Kg3
45.Ng4h6 Kh4
46.Re7e8 Rf8xf7
47.Nh6xf7 Kh5
48.Re8g8 a4
49.Kd3 Kh4
50.Ke4 Kh3
51.Kf4 Kh4
52.Rg8h8 { resign }
1-0